• Vivaldi Antonio

di Personal Name

Records bibliografici associati: 1

001 - CONTROL NUMBER

  • control field: 5673

003 - CONTROL NUMBER IDENTIFIER

  • control field: IT-RoPau

005 - DATE AND TIME OF LATEST TRANSACTION

  • control field: 20131216221139.0

008 - FIXED-LENGTH DATA ELEMENTS

  • fixed length control field: 131216|| aca||aabn | a|a d

040 ## - CATALOGING SOURCE

  • Original cataloging agency: IT-RoPau
  • Transcribing agency: IT-RoPau

100 ## - HEADING--PERSONAL NAME

  • Personal name: Vivaldi Antonio
  • Miscellaneous information: Codice autore musica SPICS: 11195
  • Relator term: Autore musica
  • Name of part/section of a work: Concerto in sol min per flauto e orchestra "La Notte" op.X-N1

670 ## - SOURCE DATA FOUND

  • Source citation: Work cat.: (IT-RoPau)99965: AA.VV. 794, Flauto d'oro di Jean-Pierre Rampal (Il)-Lp Gl 37080
CREDITS: SOCIETA' SAN PAOLO Via A.Severo, 58 - ROMA (RM) & PERIODICI SAN PAOLO SRL Via Giotto, 36 MILANO & CISF Via Giotto, 36 MILANO & EDIZIONI SAN PAOLO SRL,  Piazza Soncino, 5 CINISELLO BALSAMO (MI) -- ITALY